Xịnh ca Cao Lan đêm hát thứ nhất : Song ngữ: Việt - Cao Lan

Gồm 2 phần: Phần tiếng Việt và phần tiếng Cao Lan: Hát mở đầu, hát vào bản, du hương ca,..

Spremljeno u:
Bibliografski detalji
Glavni autor: Lâm, Quý
Format: Knjiga
Jezik:Undetermined
Izdano: Hà Nội Hội nhà văn 2018
Teme:
Oznake: Dodaj oznaku
Bez oznaka, Budi prvi tko označuje ovaj zapis!
Thư viện lưu trữ: Trung tâm Học liệu Trường Đại học Cần Thơ
LEADER 00759nam a2200217Ia 4500
001 CTU_229820
008 210402s9999 xx 000 0 und d
082 |a 781.629592 
082 |b Qu600 
100 |a Lâm, Quý 
245 0 |a Xịnh ca Cao Lan đêm hát thứ nhất : 
245 0 |b Song ngữ: Việt - Cao Lan 
245 0 |c Lâm Quý 
260 |a Hà Nội 
260 |b Hội nhà văn 
260 |c 2018 
520 |a Gồm 2 phần: Phần tiếng Việt và phần tiếng Cao Lan: Hát mở đầu, hát vào bản, du hương ca,.. 
650 |a Âm nhạc dân gian,Folk music 
650 |z Việt Nam,Vietnam 
910 |b nthai 
980 |a Trung tâm Học liệu Trường Đại học Cần Thơ